| 000 | 00000nam##2200000za#4500 |
| 001 | 9.700121 |
| 003 | CaOODSP |
| 005 | 20241203113638 |
| 007 | cr ||||||||||| |
| 008 | 150407|2014||||xxc|||||o f|0| 0 eng|d |
| 020 | |a978-1-100-25338-1 |
| 040 | |aCaOODSP|beng |
| 043 | |an-cn--- |
| 086 | 1 |aEn164-50/2014E-PDF |
| 110 | 1 |aCanada. |bEnvironment Canada. |
| 245 | 10|aACTION - update on Great Lakes areas of concern |h[electronic resource] |
| 260 | |aOttawa - Ontario : |bEnvironment Canada |cc2014. |
| 300 | |a7p.|bmap, photographs |
| 500 | |a"Fall 2014 issue." |
| 590 | |a15-01|b2015-01-02 |
| 690 | 07|aConservation areas|2gcpds |
| 690 | 07|aLakes|2gcpds |
| 775 | 08|tACTION - mise à jour sur les secteurs préoccupants des Grands Lacs |w(CaOODSP)9.644026 |
| 856 | 40|ahttp://publications.gc.ca|qPDF|s1185 KB|uhttps://publications.gc.ca/collections/collection_2014/ec/En164-50-2014-eng.pdf |